| 000 | 01445nam a2200217Ia 4500 | ||
|---|---|---|---|
| 999 |
_c18876 _d18876 |
||
| 003 | OSt | ||
| 005 | 20210911104942.0 | ||
| 008 | 160316s2001 xxu||||| |||| 00| 0 eng d | ||
| 020 | _a9788121207140 | ||
| 040 | _cN | ||
| 082 |
_a307.760000 _bBHA |
||
| 100 | _aBhargava Gopal | ||
| 245 | _aDevelopment of India's urban rural and regional planning in 21st century : Policy perspective | ||
| 260 |
_aNew Delhi _bGyan Publishing House _c2001 |
||
| 300 | _a309p | ||
| 365 | _bRs.600 | ||
| 505 | _aContent: Foreword; Preface; Urban Planning scenario for 21St Century Policy Framework; Housing Plan For The Masses Innovative Techniques And Policy Perspective; Urban Slums And Squatter Settlements Planning And Policy Issues; Urban Environmental Challenges Action Plan; Urban Informal Sector: Case Studies; Urban Land Ceiling Act, 1976 Amendments And Repercussions; Master Plan Approach For Urban Development Strategy For Regulatory Controls; Rural Development And Growth Centre Planning Case Studies And Policy Issues; Developing The Small And Medium Towns Settlements: Planning And Policy Options; National Capital Regional Plan Problems And Prospects; Regional Planning And Development Policy Perspective; Bibliography; Index | ||
| 650 | _a1. Urban Development - Planning - India - 21st Century2. Regional Development - Planning - india - 21st Century3. Rural Development - Planning - India | ||
| 700 |
_a _a |
||
| 942 |
_2ddc _cBK |
||